| 000 | 00728nam a2200253 a 4500 | ||
|---|---|---|---|
| 003 | AR-BaBNM | ||
| 005 | 20251128203538.0 | ||
| 008 | 082120s2002 ||||||||||||||000 | spa|| | ||
| 040 | _cAR-BaBNM | ||
| 100 | 1 | _aOría, José A. | |
| 245 | 0 | 0 |
_aLa polémica de Menéndez y Pelayo con Groussac _bsobre el "Quijote" de Avellaneda |
| 260 |
_aBuenos Aires _bCasa Impresora 'López' _c1934 |
||
| 300 | _a72 p. | ||
| 500 | _aDe Humanidades, tomo xxIV, páginas 57 a 126 | ||
| 650 | 4 | _aCRITICA LITERARIA | |
| 650 | 4 | _aLITERATURA ESPAÑOLA | |
| 650 | 4 | _aHISTORIA LITERARIA | |
| 650 | 4 | _aESCRITORES | |
| 650 | 4 | _aANALISIS LITERARIO | |
| 653 | 0 | _aPOLEMICAS LITERARIAS | |
| 655 | _aLITERATURA | ||
| 942 | _cBK | ||
| 998 | _cMARTIN | ||
| 999 |
_c3878 _d3878 |
||